| 000 | 00632nam a22002177a 4500 | ||
|---|---|---|---|
| 008 | 150714b xxu||||| |||| 00| 0 alb d | ||
| 020 | _a9789995619435 | ||
| 041 | 0 | _aalb | |
| 080 | _a303.023 | ||
| 100 | _a Kocani, Aleksandër ; | ||
| 245 |
_aMetodat e kërkimit sasior në shkencat sociale : _cAleksandër Kocani. |
||
| 250 | _a2nd Edition | ||
| 260 |
_aTiranë : _bUFO Press, _c2009. |
||
| 300 |
_aXII, 201 f. ; _c23 cm. |
||
| 505 | _aBibliogr.: f.193-194. | ||
| 505 | _aL.1000, pa tir. | ||
| 650 | 0 | _aShkenca shoqërore | |
| 650 | 0 | _aMetodologjia | |
| 650 | 0 | _aDoracakë, manuale, etj. | |
| 942 |
_2udc _cBK |
||
| 999 |
_c1119 _d1119 |
||